000 03148nam0a2200397 4500
001 RU\NLR\BIBL_A\022753789
005 20260510043524.0
010 _a978-5-9275-5022-7
_950
021 _aRU
_bКН-П-26-003779
_9КН-П-26-0348
035 _a(NLR Aleph) 022753789
090 _a13703513
_c13703513
100 _a20260316d2025 k y0rusy50 ca
101 0 _arus
_deng
102 _aRU
105 _ay|||z|||100yy
181 0 _ai4
_baxxe
182 0 _an
200 1 _aГражданско-правовые средства цифровой трансформации: современное состояние и тенденции развития
_eсборник докладов по материалам Всероссийской научно-практической конференции, 22 марта 2025 года
_fМинистерство науки и высшего образования Российской Федерации, Федеральное государственное автономное образовательное учреждение высшего образования "Южный федеральный университет", [Юридический факультет]
_gсоставитель: Саркисян Вероника Вартановна, кандидат юридических наук, преподаватель
_gответственный редактор: Селиванова Евгения Сергеевна, кандидат юридических наук, доц.
203 _aТекст
_bвизуальный
_cнепосредственный
210 _aРостов-на-Дону
_aТаганрог
_cИзд-во Южного федеральнго университета
_d2025
215 _a155 с.
_d20
300 _aРез. англ.
320 _aБиблиогр. в конце ст.
606 1 _aЦифровые права
_jСъезды, совещания и т.п
_yРоссийская Федерация
_92477468
_3RU\NLR\AUTH\6601687683
606 1 _aИскусственный интеллект
_jСъезды, совещания и т.п
_xПравовые вопросы
_92365885
_3RU\NLR\AUTH\6601634544
686 1 _aХ623.02я431
686 1 _aХ62ф.я431
702 1 _aСаркисян
_bВ. В.
_gВероника Вартановна
_4220
702 1 _aСеливанова
_bЕ. С.
_gЕвгения Сергеевна
711 1 2 _a"Гражданско-правовые средства цифровой трансформации: современное состояние и тенденции развития", всероссийская научно-практическая конференция
_eРостов-на-Дону
_f2025
_92702095
_3RU\NLR\AUTH\880640456
712 0 2 _4557
_aЮжный федеральный университет
_bЮридический факультет
_cРостов-на-Дону
_9805805
_3RU\NLR\AUTH\8810155243
942 _cBOOK
980 _aNB